<?xml version="1.0" encoding="UTF-8"?>
<marc:record xmlns:marc="http://www.loc.gov/MARC21/slim">
   <marc:leader>00000nam a2200000 a 4500</marc:leader>
   <marc:datafield ind1="1" ind2=" " tag="100">
      <marc:subfield code="a">Gravett, Emily</marc:subfield>
      <marc:subfield code="4">aut</marc:subfield>
      <marc:subfield code="e">Verfasser/-in</marc:subfield>
   </marc:datafield>
   <marc:datafield ind1="1" ind2=" " tag="100">
      <marc:subfield code="a">Gutzschhahn, Uwe-Michael</marc:subfield>
   </marc:datafield>
   <marc:datafield ind1=" " ind2=" " tag="653">
      <marc:subfield code="a">Bilderbuch</marc:subfield>
   </marc:datafield>
   <marc:datafield ind1=" " ind2=" " tag="653">
      <marc:subfield code="a">Erzählerische Bilderbücher</marc:subfield>
   </marc:datafield>
   <marc:datafield ind1="0" ind2="0" tag="245">
      <marc:subfield code="a">Aufgeräumt!</marc:subfield>
   </marc:datafield>
   <marc:datafield ind1="0" ind2="0" tag="245">
      <marc:subfield code="c">Gravett, Emily</marc:subfield>
   </marc:datafield>
   <marc:datafield ind1=" " ind2="1" tag="264">
      <marc:subfield code="a">Frankfurt am Main</marc:subfield>
      <marc:subfield code="b">Fischer Sauerländer</marc:subfield>
   </marc:datafield>
   <marc:datafield ind1="1" ind2=" " tag="520">
      <marc:subfield code="a">Zu viel Aufräumen ist auch keine Lösung!&#xD;
Im Wald wohnt ein fleißiger Dachs, der liebt die Ordnung. Er stutzt Blumen, fegt Laub, putzt die Vögel und schrubbt ihre Schnäbel. Sein übereifriger Ordnungs- und Sauberkeitsfimmel erstaunt die anderen Tiere im Wald doch sie müssen tatenlos zusehen, wie der Dachs alle Bäume fällt bis ihr Wald nach und nach wie ein blitzblank gepflegter Parkplatz aussieht. Ein sehr hässlicher und grässlicher! Da merkt der Dachs, dass er einen großen Fehler gemacht hat. Und dann packen alle gemeinsam an und bauen den Wald wieder auf. Nicht mehr ganz so sauber und ordentlich, aber doch zum Leben schön.&#xD;
Das geniale Bilderbuch der preisgekrönten Künstlerin Emily Gravett erzählt leichtfüßig und mit viel Augenzwinkern, dass zu viel Ordnung und Sauberkeit manchmal gar nicht gut sind.</marc:subfield>
   </marc:datafield>
   <marc:datafield ind1=" " ind2=" " tag="020">
      <marc:subfield code="a">9783737355223</marc:subfield>
      <marc:subfield code="9">9783737355223</marc:subfield>
   </marc:datafield>
   <marc:datafield ind1=" " ind2=" " tag="041">
      <marc:subfield code="a">ger</marc:subfield>
   </marc:datafield>
   <marc:datafield ind1="1" ind2=" " tag="521">
      <marc:subfield code="a">Vorschulkind</marc:subfield>
   </marc:datafield>
   <marc:datafield ind1=" " ind2=" " tag="338">
      <marc:subfield code="a">Band</marc:subfield>
   </marc:datafield>
   <marc:datafield ind1=" " ind2=" " tag="300">
      <marc:subfield code="a">33 ungezählte Seiten</marc:subfield>
   </marc:datafield>
</marc:record>
